| 000 | 00738nam a2200205 i 4500 | ||
|---|---|---|---|
| 001 | 183381 | ||
| 003 | ES-MaACL | ||
| 005 | 20250930063156.0 | ||
| 008 | 140411s1911 it | |||| ||ita d | ||
| 100 | 1 |
_aFolengo, Teofilo, _dca. 1491-ca. 1554 _9154681 |
|
| 245 | 1 | 3 |
_aLe Maccheronee. _nII / _cMerlin Cocai (Teofilo Folengo) ; a cura di Alessandro Luzio. |
| 260 |
_aBari : _bGius. Laterza & Figli, _c1911. |
||
| 300 |
_a373 p. ; _c21 cm. |
||
| 490 | 1 |
_aScrittori d'Italia ; _v19 |
|
| 505 | 8 | _aContiene: Continuazione del Baldus -- Moscheidos -- Quaedam epigrammata -- Appendice | |
| 700 | 1 |
_aLuzio, Alessandro. _9154682 |
|
| 830 | 0 | 0 |
_aScrittori d'Italia _v19 _9191925 |
| 852 |
_aES-MaACL _jG-3720 |
||
| 999 |
_c183381 _d183381 |
||